Países en su lenguaje #2 - Estadísticas

Estadísticas generales
  • Esta prueba ha sido intentada 16 veces
  • La puntuación promedio es 4 de 16
Estadísticas de respuestas
Hint Respuesta % Correcto
Austria Österreich
92%
Marruecos Almaghrib
42%
Estonia Eesti
42%
República Checa Česká republika
33%
Letonia Latvija
33%
Uzbekistán O'zbekiston
33%
Baréin Albahrayn
17%
Irlanda Éireann
17%
Palestina Filastin
17%
Irak Aleiraq
8%
Jordania Al'urdunu
8%
Yemen Alyaman
8%
Camboya Kampouchea
8%
Laos Pathedlav
8%
Omán Saltanat Euman
8%
Catar Almadhaq
0%
No se encontraron pruebas coincidentes
Distribución de puntuación
Porcentaje de gente con cada puntuación
Porcentaje por número respondido
Historial de tus puntuaciones
No has intentado esta prueba.